| 000 | 00423nam a2200157Ia 4500 | ||
|---|---|---|---|
| 008 | 170224s9999 xx 000 0 und d | ||
| 100 | _aTim Highfield | ||
| 245 | _aNews via Voldemort: Parody accounts in topical discussions on Twitter | ||
| 245 | _cTim Highfield | ||
| 260 | _bNew Media & Society | ||
| 260 | _c2016 | ||
| 300 | _a18:9 | ||
| 500 | _a2016 | ||
| 650 | _xCommunication Arts | ||
| 650 | _xMultimedia Arts | ||
| 999 |
_c316247 _d316247 |
||